Statistiques concernant Départements aléatoires avec des lettres manquantes

Cliquez ici pour prendre le quiz!

Statistiques générales

  • Ce quiz a été pris 7 121 fois
  • Le résultat moyen est 12 sur 20

Statistiques - réponses

IndiceDépartement% Correct
C_T_ - D'_RCôte-d'Or
96%
V_RVar
94%
H_U_E_ - A_P_SHautes-Alpes
92%
A_NAin
91%
B_S - _H_NBas-Rhin
91%
F_N_S_È_EFinistère
90%
J_R_Jura
90%
L_TLot
89%
D_Ô_EDrôme
88%
H_R_U_THérault
88%
S_Ô_E - _T - _O_R_Saône-et-Loire
87%
V_L - _'O_S_Val-d'Oise
87%
G_R_Gard | Gers
86%
_A_T_ - G_R_N_EHaute-Garonne
86%
P_Y - _E - _Ô_EPuy-de-Dôme
86%
C_T_S - _'A_M_RCôtes-d'Armor
85%
P_R_SParis
85%
_Y_É_É_S - _R_E_T_L_SPyrénées-Orientales
85%
L_I_E - _T_A_T_Q_ELoire-Atlantique
84%
_Y_É_É_S - _T_A_T_Q_E_Pyrénées-Atlantiques
84%
L_T - _T - _A_O_N_Lot-et-Garonne
83%
M_Y_N_EMayenne
83%
_E_R_H_ - E_ - M_S_L_EMeurthe-et-Moselle
83%
_A_T_ - S_Ô_EHaute-Saône
81%
H_U_ - R_I_Haut-Rhin
81%
I_L_ - E_ - V_L_I_EIlle-et-Vilaine
81%
O_S_Oise
81%
Y_E_I_E_Yvelines
81%
A_D_Aude
80%
B_U_H_S - _U - _H_N_Bouches-du-Rhône
80%
A_P_S - _E - _A_T_ - P_O_E_C_Alpes-de-Haute-Provence
79%
G_Y_N_Guyane
79%
H_U_E_ - P_R_N_E_Hautes-Pyrénées
79%
_A_T_S - _Y_É_É_SHautes-Pyrénées
79%
I_D_EIndre
79%
I_È_EIsère
79%
L_Z_R_Lozère
79%
P_S - _E - _A_A_SPas-de-Calais
78%
Y_N_EYonne
78%
G_A_E_O_P_Guadeloupe
77%
M_U_T_E - _T - _O_E_L_Meurthe-et-Moselle
77%
M_S_L_EMoselle
77%
N_È_R_Nièvre
77%
T_R_Tarn
77%
V_L - _E - _A_N_Val-de-Marne
77%
C_A_E_T_ - M_R_T_M_Charente-Maritime
76%
P_R_N_E_ - O_I_N_A_E_Pyrénées-Orientales
76%
A_B_Aube
75%
A_P_S - _A_I_I_E_Alpes-Maritimes
74%
A_D_N_E_Ardennes
74%
I_D_E - _T - _O_R_Indre-et-Loire
74%
M_Y_T_EMayotte
74%
_O_B_H_NMorbihan
74%
_E_N_ - M_R_T_M_Seine-Maritime
74%
S_M_ESomme
74%
T_R_ - E_ - G_R_N_ETarn-et-Garonne
74%
_O_ - E_ - G_R_N_ELot-et-Garonne
73%
V_E_N_Vienne
73%
A_S_EAisne
72%
_L_E_ - M_R_T_M_SAlpes-Maritimes
72%
E_R_ - E_ - L_I_Eure-et-Loir
72%
_A_T - _H_NHaut-Rhin
72%
S_I_E - _A_N_ - D_N_SSeine-Saint-Denis
72%
_Ô_E - _'O_Côte-d'Or
71%
E_S_N_EEssonne
71%
N_R_Nord
71%
P_R_N_E_ - A_L_N_I_U_SPyrénées-Atlantiques
71%
_A_T_ - S_V_I_Haute-Savoie
70%
M_U_EMeuse
70%
_E_N_ - E_ - M_R_ESeine-et-Marne
70%
V_U_L_S_Vaucluse
70%
V_N_É_Vendée
70%
_O_S_ - D_ - S_DCorse-du-Sud
69%
D_U_ - S_V_E_Deux-Sèvres
69%
E_R_Eure
69%
_A_T_ - V_E_N_Haute-Vienne
69%
_A_T_ - M_R_EHaute-Marne
68%
M_R_EMarne
68%
S_V_I_Savoie
68%
C_R_È_ECorrèze
67%
L_I_ELoire
67%
S_I_E - _T - _A_N_Seine-et-Marne
67%
A_D_C_EArdèche
66%
A_E_R_NAveyron
66%
_O_C_E_ - D_ - R_Ô_EBouches-du-Rhône
66%
_O_R_Z_Corrèze
66%
D_U_SDoubs
66%
_Ô_E_ - D'_R_O_Côtes-d'Armor
65%
_A_DGard
65%
_A_T_ - L_I_EHaute-Loire
64%
T_R_I_O_R_   D_   B_L_O_TTerritoire de Belfort
64%
_I_Ain
63%
D_R_O_N_Dordogne
63%
H_U_E - _A_N_Haute-Marne | Haute-Saône
63%
O_N_Orne
63%
_H_RCher
62%
_U_AJura
62%
L_I_ - E_ - C_E_Loir-et-Cher
61%
_O_R - _T - _H_RLoir-et-Cher
61%
_O_Lot
61%
S_R_H_Sarthe
61%
_A_Var
61%
H_U_E - _A_O_N_Haute-Garonne
59%
A_L_E_Allier
58%
_A_T_ - C_R_EHaute-Corse
58%
H_U_E - _O_R_Haute-Loire
58%
G_R_N_EGironde
57%
M_I_E - _T - _O_R_Maine-et-Loire
57%
M_N_H_Manche
56%
_U_ - D_ - D_M_Puy-de-Dôme
56%
A_I_G_Ariège
55%
_E_X - _È_R_SDeux-Sèvres
55%
_A_T_ - D_ - S_I_EHauts-de-Seine
55%
L_I_E_Loiret
55%
C_N_A_Cantal
54%
C_E_Cher
54%
_S_O_N_Essonne
54%
_N_R_ - E_ - L_I_EIndre-et-Loire
54%
_A_T_N_Q_EMartinique
54%
_R_È_H_Ardèche
53%
_A_ - R_I_Bas-Rhin
53%
H_U_E - _A_O_EHaute-Savoie
53%
H_U_S - _E - _E_N_Hauts-de-Seine
53%
_E_N_ - S_I_T - _E_I_Seine-Saint-Denis
53%
_V_Y_O_Aveyron
52%
_A_V_D_SCalvados
52%
_S_R_Isère
52%
L_   R_U_I_NLa Réunion
52%
_L_E_ - D_ - H_U_E - _R_V_N_EAlpes-de-Haute-Provence
51%
_L_E - _T - _I_A_N_Ille-et-Vilaine
51%
_O_DNord
51%
S_I_E - _A_I_I_ESeine-Maritime
51%
_A_ - D_ - M_R_EVal-de-Marne
51%
_A_ - D'_I_EVal-d'Oise
51%
_O_G_SVosges
51%
_A_T_LCantal
50%
_O_D_G_EDordogne
50%
_A_ - D_ - C_L_I_Pas-de-Calais
50%
_L_I_RAllier
49%
C_L_A_O_Calvados
49%
_H_R_N_ECharente
49%
_O_R_Loire
49%
_A_N_ - E_ - L_I_EMaine-et-Loire | Saône-et-Loire
49%
_V_L_N_SYvelines
49%
_U_EAube | Aude | Eure
48%
_H_R_N_E - _A_I_I_ECharente-Maritime
48%
C_R_E - _U - _U_Corse-du-Sud
48%
H_U_E - _O_S_Haute-Corse
48%
_A_T_S - _L_E_Hautes-Alpes
48%
_A_N - _T - _A_O_N_Tarn-et-Garonne
48%
V_S_E_Vosges
48%
_O_R_ - A_L_N_I_U_Loire-Atlantique
47%
M_R_I_I_U_Martinique
47%
H_U_E - _I_N_EHaute-Vienne
46%
_O_È_ELozère
46%
_I_N_Aisne
45%
_R_EOrne
45%
C_A_E_T_Charente
44%
C_E_S_Creuse
44%
_U_E - _T - _O_REure-et-Loir
42%
_N_R_Indre
42%
_A_NTarn
41%
_O_E_L_Moselle
40%
_O_B_Doubs
39%
_A   _É_N_O_La Réunion
39%
_A_C_U_EVaucluse
39%
_R_M_Drôme
37%
_E_SGers
37%
_A_D_SLandes
36%
_I_EOise
36%
_O_M_Somme
36%
_I_I_T_R_Finistère
34%
L_N_E_Landes
34%
_O_R_TLoiret
34%
_A_T_ESarthe
32%
_I_V_ENièvre
31%
_A_E_N_Mayenne
30%
_R_È_EAriège
29%
_A_O_ESavoie
29%
_R_U_ECreuse
28%
_A_N_Marne
28%
_E_D_EVendée
27%
_R_E_N_SArdennes
26%
M_R_I_A_Morbihan
26%
_A_I_Paris
26%
_E_R_T_I_E   _E   _E_F_R_Territoire de Belfort
26%
_I_O_D_Gironde
25%
_A_O_T_Mayotte
25%
_O_N_Yonne
25%
_U_D_L_U_EGuadeloupe
23%
_A_C_EManche
23%
_U_A_EGuyane
22%
_E_S_Meuse
19%
_I_N_EVienne
19%
_É_A_L_Hérault
16%

Distribution des résultats

Percentile par nombre de réponses

% des personnes avec chaque résultat

Votre développement - résultats

Vous n’avez pas pris ce quiz